00248nam a2200073Ia 4500082002000000245005200020100006100072008004100133 aST|658.022|ENTR 0aEntrepreneurship : a South African perspective  a Nieuwenhuizen, Cecile Pretoria, 2009 2nd ed 210817s9999 xx 000 0 und d